000 00358nam a22001217a 4500
999 _c13950
_d13950
008 190617b ||||| |||| 00| 0 eng d
082 _21970
_aDC 658.4038011
_bC26
245 _aCase study in business systems design:
_blaboratory manual/
260 _c©1970.
300 _a90 pages;
_c24 cm.
650 _aBusiness -- Data processing
_937918
942 _2ddc
_cDC